000 00391nam a22001457a 4500
020 _qPB.
040 _cFIZZA ISHAQ
082 _a006.7
_bVAU
100 _a Vaughan , Tay.
_958529
245 _aMultimedia: Making it Work /
_cTay Vaughan.
250 _a7th ED.
260 _aNew York:
_bMcGraw-Hill Osborne Media,
_c2008.
300 _a514 P. ;
_c8.5 x 0.71 x 10.8 inches
942 _2ddc
_cBK
999 _c616771
_d616771